000 00522nam a2200217Ia 4500
003 OSt
005 20220928141450.0
006 a|||||r|||| 00| 0
007 ta
008 220927b |||||||| |||| 00| 0 eng d
024 _a15289
037 _cTextual
040 _aSDCL
_cSDCL
_beng
041 _2eng
_aeng
082 _aD65,5:4, M8
100 _aNeumann E G
_9500409
245 0 _aSinngle-mode fibers.
260 _c1988
942 _hD65,5:4, M8
_cTEXL
_2CC
999 _c817696
_d817696